| 000 | 00969cam a2200301 a 4500 | ||
|---|---|---|---|
| 001 | 7955 | ||
| 003 | BD-RjUL | ||
| 005 | 20211208234512.0 | ||
| 008 | 830418r19831965nyua b 001 0 eng | ||
| 020 | _a015529217X (pbk.) | ||
| 035 | _a(BD-RjUL)7999 | ||
| 040 |
_aDLC _cDLC _dDLC _beng |
||
| 041 | _aeng | ||
| 082 | 0 | 0 |
_a808.0427 _219 _bSMF 1983 |
| 100 | 1 |
_aSmith, William Frank. _924825 |
|
| 245 | 1 | 0 |
_aFrom thought to theme : _ba rhetoric and reader for college English / _cWilliam F. Smith, Raymond D. Liedlich. |
| 250 | _a7th ed. | ||
| 260 |
_aNew York : _bHarcourt Brace Jovanovich, _cc1983. |
||
| 300 |
_axi, 439 p. : _bill. ; _c24 cm. |
||
| 504 | _aIncludes bibliographical references and indexes. | ||
| 650 | 0 |
_aEnglish language _xRhetoric. _924826 |
|
| 650 | 0 |
_aAcademic writing. _91514 |
|
| 650 | 0 |
_aCollege readers. _919951 |
|
| 700 | 1 |
_aLiedlich, Raymond D., Jt. auth. _924827 |
|
| 942 |
_2ddc _cBK |
||
| 999 |
_c7955 _d7955 |
||